Paine's political and moral maxims : selected from the fifth edition of Rights of man, part I. and II. With explanatory notes and elucidations; ... By a free-born Englishman.

Bibliographic Details
Main Author: Paine, Thomas, 1737-1809
Other Authors: Free-born Englishman
Format: eBook
Language:English
Series:Eighteenth century collections online.
Online Access:Full text online

MARC

Tag First Indicator Second Indicator Subfields
LEADER 00000cam a2200000 4500
001 in00001892431
006 m | d |
007 cr |n||||||||n
008 870414s1792 enk|||| s 00||||eng d
005 20260414182318.5
035 |a (CStRLIN)ESTCT170377 
040 |a Uk-ES  |c Uk-ES  |d CStRLIN  |d Thomson Gale  |d UtOrBLW 
100 1 |a Paine, Thomas,  |d 1737-1809. 
240 1 0 |a Rights of man.  |k Selections 
245 1 0 |a Paine's political and moral maxims :  |b selected from the fifth edition of Rights of man, part I. and II. With explanatory notes and elucidations; ... By a free-born Englishman. 
264 3 |a London :  |b printed for the booksellers,  |c 1792. 
300 |a 47, 1 unnumbered page ;  |c 8⁰. 
336 |a text  |b txt  |2 rdacontent 
337 |a computer  |b c  |2 rdamedia 
338 |a online resource  |b cr  |2 rdacarrier 
500 |a The "free-born Englishman" defends Paine against the attacks of George Chalmers and others. 
500 |a Reproduction of original from the Bodleian Library (Oxford). 
510 4 |a English Short Title Catalog,  |c ESTCT170377. 
533 |a Electronic reproduction.  |b Farmington Hills, Mich. :  |c Thomson Gale,  |d 2003.  |n Available via the World Wide Web.  |n Access limited by licensing agreements  |7 s2003 miunns 
500 |a Electronic resource. 
700 0 |a Free-born Englishman. 
730 0 |a Paine's political and moral maxims. 
830 0 |a Eighteenth century collections online. 
856 4 0 |u http://proxy.library.tamu.edu/login?url=https://galenet.galegroup.com/servlet/ECCO?c=1&stp=Author&ste=11&af=BN&ae=T170377&tiPG=1&dd=0&dc=flc&docNum=CW106049486&vrsn=1.0&srchtp=a&d4=0.33&n=10&SU=0LRL+OR+0LRI&locID=txshracd2898  |z Full text online  |t 0 
999 |a MARS 
999 f f |s 888c020d-fafd-3fd5-8f32-1a76f24d694a  |i a7f863e8-8e17-3e93-98f3-f0001ca0b109  |t 0 
952 f f |a Texas A&M University  |b College Station  |c Electronic Resources  |s www_evans  |d Available Online  |t 0  |h No information provided 
998 f f |t 0  |l Available Online